Юбилейный сборник Западно-Сибирского Отдела Императорского Русского Географического общества: 1877-1902; Н. Г. Казнаков (1824-1865). Биографический очерк; И. Ф. Бобков; М. В. Певцов и его путешествия; Н. М. Ядринцев; Летопись Западно-Сибирского Географического Отдела 1877-1902 гг.; К обзору научной деятельности Западно-Сибирского Географического Отдела; Просветительская деятельность Западно-Сибирского Географического Отдела
| Riassunto: | Печатано по постановлению Западно-Сибирского Отдела Императорского Русского Географического Общества Текст в русской дореформенной орфографии Раздельная пагинация страниц |
|---|---|
| Lingua: | russo |
| Pubblicazione: |
Омск, Типография Окружного Штаба, 1902
|
| TOC: | Н. Г. Казнаков (1824-1865). Биографический очерк; И. Ф. Бобков; М. В. Певцов и его путешествия; Н. М. Ядринцев; Летопись Западно-Сибирского Географического Отдела 1877-1902 гг.; К обзору научной деятельности Западно-Сибирского Географического Отдела; Просветительская деятельность Западно-Сибирского Географического Отдела; |
| Soggetti: |
Казнаков
> Н. Г.
> российский генерал-адъютант
> генерал-губернатор Зап. Сибири в 1875 г.
> 1824-1885
> Николай Геннадиевич
Бобков
> И. Ф.
> Первый председатель Западно-Сибирского отделения Императорского Русского Географического Общества (ЗСОИРГО).
> генерал
> 1827-1905
> Иван Федорович
|
| Natura: | MixedMaterials Libro |
| KOHA link: | https://koha.lib.tpu.ru/cgi-bin/koha/opac-detail.pl?biblionumber=333432 |
MARC
| LEADER | 00000nam0a2200000 4500 | ||
|---|---|---|---|
| 001 | 333432 | ||
| 005 | 20240403130927.0 | ||
| 035 | |a (RuTPU)RU\TPU\book\359427 | ||
| 090 | |a 333432 | ||
| 100 | |a 20170615d1902 m y0rusy50 ca | ||
| 101 | 0 | |a rus | |
| 102 | |a RU | ||
| 105 | |a bc z 011zy | ||
| 181 | 0 | |b e | |
| 182 | 0 | |a n | |
| 183 | 0 | |a nc |2 RDAcarrier | |
| 200 | 1 | |a Юбилейный сборник Западно-Сибирского Отдела Императорского Русского Географического общества |e 1877-1902 | |
| 210 | |a Омск |c Типография Окружного Штаба |d 1902 | ||
| 215 | |a II, 13, 4, II, 190 с. |c карты |e 4 портрета | ||
| 283 | |a volume | ||
| 300 | |a Печатано по постановлению Западно-Сибирского Отдела Императорского Русского Географического Общества | ||
| 300 | |a Текст в русской дореформенной орфографии | ||
| 300 | |a Раздельная пагинация страниц | ||
| 316 | |5 63413507: 4518 |a На обложке рукописная надпись: По письму от Зап. Сиб. Отдела Имп. Географ. Общества. №1487 получ. 26 Ноября1902 | ||
| 316 | |5 63413507: 4518 |a На титульном листе рукописная надпись: По письму от Зап. Сиб. Отд. Им. Рус. Геогр. Общ. за №1487 26/XI 902. Безплатно. | ||
| 320 | |a Указатель имен: с. 183-189 | ||
| 320 | |a Библиография: с. 49-50 | ||
| 320 | |a Постраничные примечания | ||
| 464 | |t Н. Г. Казнаков (1824-1865). Биографический очерк | ||
| 464 | |t И. Ф. Бобков | ||
| 464 | |t М. В. Певцов и его путешествия | ||
| 464 | |t Н. М. Ядринцев | ||
| 464 | |t Летопись Западно-Сибирского Географического Отдела 1877-1902 гг. | ||
| 464 | |t К обзору научной деятельности Западно-Сибирского Географического Отдела | ||
| 464 | |t Просветительская деятельность Западно-Сибирского Географического Отдела |a Фарафонтова, Т. М. | ||
| 600 | 1 | |a Казнаков |b Н. Г. |c российский генерал-адъютант |c генерал-губернатор Зап. Сибири в 1875 г. |f 1824-1885 |g Николай Геннадиевич |2 stltpush |3 (RuTPU)RU\TPU\pers\23570 |9 10275 | |
| 600 | 1 | |a Бобков |b И. Ф. |c Первый председатель Западно-Сибирского отделения Императорского Русского Географического Общества (ЗСОИРГО). |c генерал |f 1827-1905 |g Иван Федорович |2 stltpush |3 (RuTPU)RU\TPU\pers\38783 | |
| 600 | 1 | |a Певцов |b М. В. |c российский путешественник |c исследователь Центральной Азии |f 1843-1902 |g Михаил Васильевич |2 stltpush |3 (RuTPU)RU\TPU\pers\15010 |9 5112 | |
| 600 | 1 | |a Ядринцев |b Н. М. |c российский публицист |c общественный деятель |f 1842-1894 |g Николай Михайлович |2 stltpush |3 (RuTPU)RU\TPU\pers\11511 |9 2705 | |
| 606 | |a Гидрогеология |y Сибирь и Дальний Восток |2 stltpush |3 (RuTPU)RU\TPU\subj\71714 |9 85497 | ||
| 610 | 1 | |a сборник | |
| 610 | 1 | |a Русское географическое общество | |
| 610 | 1 | |a Западно-Сибирский отдел | |
| 610 | 1 | |a биографические очерки | |
| 610 | 1 | |a путешествия | |
| 610 | 1 | |a маршруты | |
| 610 | 1 | |a Тибет | |
| 610 | 1 | |a Лоб-Нор | |
| 610 | 1 | |a печатные труды | |
| 610 | 1 | |a карта | |
| 610 | 1 | |a Западная Сибирь | |
| 610 | 1 | |a летопись | |
| 610 | 1 | |a научные сообщения | |
| 610 | 1 | |a доклады | |
| 610 | 1 | |a экспедиции | |
| 610 | 1 | |a поездки | |
| 610 | 1 | |a финансы | |
| 675 | |a 556.3 (571) |v 4 | ||
| 801 | 1 | |a RU |b 63413507 |c 20170615 | |
| 801 | 2 | |a RU |b 63413507 |c 20170615 |g RCR | |
| 942 | |c BK | ||